000 00477nam a22001577a 4500
003 OSt
005 20240416145637.0
008 240416b |||||||| |||| 00| 0 eng d
040 _cMRSPTU
100 _aHundal, Sukhwant (ਹੁੰਦਲ,ਸੁਖਵੰਤ )
245 _aPicket Line and Other Plays (ਪਿਕਟ ਲਾਈਨ ਤੇ ਹੋਰ ਨਾਟਕ)
250 _a1st
260 _aPunjab
_bBalraj Sahni Yadgaar Parkashan
_c1995
300 _a243
942 _2ddc
_cBK
_n0
999 _c10058
_d10058